000 00631nam a22001697a 4500
999 _c60887
_d60887
005 20231114173812.0
008 231114s1984 ru ||||| |||| 00| 0 rus d
041 _arus
080 _a902(47+57) П-14
245 _aПалеолит СССР /
_cОтв. ред. П. И. Борисковский.
264 _aМ.:
_bНаука,
_c1984.
300 _a383 с.:
_bил.;
_c30 см.
653 _aარქეოლოგია
653 _aსსრკ-ს არქეოლოგიური ძეგლები
700 _aБорисковский, П. И.
_eრედაქტორი
_920379
942 _2udc
_cᲬᲘᲒᲜᲘ